| 000 | 00640nam a2200193 4500 | ||
|---|---|---|---|
| 008 | 160621b xxu||||| |||| 00| 0 eng d | ||
| 020 | _a978-9-71542553-7 | ||
| 082 |
_22007 _aDFil 305.3 _bSa5s |
||
| 100 |
_910297 _aSantiago, Lilia Quindoza |
||
| 245 |
_aSexuality and the Filipina/ _cLilia Quindoza Santiago. |
||
| 260 |
_aQuezon City: _bUP Press, _cc2007. |
||
| 300 |
_aviii, 248 pages; _c23 cm. |
||
| 500 | _aIncludes bibliographical references and index. | ||
| 650 | 0 |
_910298 _aSex role |
|
| 650 | 0 |
_910299 _aWomen _zPhilippines _xSocial conditions |
|
| 650 | 0 |
_910300 _aSex customs |
|
| 365 | _bPhp 350.00 | ||
| 942 |
_2ddc _cDFIL |
||
| 999 |
_c3082 _d3082 |
||